| 000 | 00520nam a22001817a 4500 | ||
|---|---|---|---|
| 005 | 20251108175416.0 | ||
| 008 | 250721s1995 xx 000 0 ara d | ||
| 082 | 1 | 4 | _aم/415.13/يعق |
| 100 | 1 |
_aيعقوب، إميل بديع _eمعد |
|
| 245 | 1 | 0 | _aموسوعة الحروف في اللغة العربية / |
| 250 | _aط2 | ||
| 264 | 1 |
_aبيروت : _bدار الجيل، _c1995. |
|
| 300 | _a662ص | ||
| 650 | 1 | 7 | _aاللغة العربية |
| 650 | 1 | 7 | _aالحروف |
| 942 |
_2ddc _cBK |
||
| 999 |
_c133408 _d133408 |
||